Producing music /

Bibliographic Details
Corporate Author: ProQuest (Firm)
Other Authors: Hepworth-Sawyer, Russ (Editor), Hodgson, Jay (Editor), Marrington, Mark (Editor)
Format: eBook
Language:English
Published: New York, NY : Routledge, 2019.
Series:Perspectives on music production series
Subjects:
Online Access:Connect to the full text of this electronic book

MARC

Tag First Indicator Second Indicator Subfields
LEADER 00000cam a2200000 i 4500
001 in00004063321
006 m o d
007 cr |||||||||||
008 181024s2019 nyu o 001 0 eng
005 20221130035707.9
010 |a  2018051167 
020 |a 9781351815109  |q (pdf) 
020 |a 1351815105 
020 |a 9781351815086  |q (mobi) 
020 |a 1351815083 
020 |a 9781351815093  |q ( epub) 
020 |a 1351815091 
020 |a 9781315212241  |q (electronic bk.) 
020 |a 1315212242  |q (electronic bk.) 
020 |z 9780415789219 (hardback : alk. paper) 
024 8 |a 99981923490 
035 |a (DLC)ebc5742405 
035 |a in00004063321 
040 |a NhCcYBP  |c NhCcYBP  |d UtOrBLW 
042 |a pcc 
050 4 |a ML3790  |b .P757 2019 
072 7 |a MUS  |x 041000  |2 bisacsh 
072 7 |a SOC  |x 052000  |2 bisacsh 
072 7 |a TEC  |x 001000  |2 bisacsh 
072 7 |a UYU  |2 bicssc 
082 0 0 |a 781.49  |2 23 
245 0 0 |a Producing music /  |c edited by Russ Hepworth-Sawyer, Jay Hodgson, and Mark Marrington. 
264 1 |a New York, NY :  |b Routledge,  |c 2019. 
300 |a 1 online resource. 
336 |a text  |b txt  |2 rdacontent 
337 |a computer  |b n  |2 rdamedia 
338 |a online resource  |b cr  |2 rdacarrier 
490 0 |a Perspectives on music production series 
500 |a Includes index. 
505 0 |a Music production and genre. Hip hop production technique and the actor-network ontology / Matt Shelvock ; Boom bap ex machina / Mike Exarchos ; Metal in box : the DAW and the domain of metal music production practice since 2000 / Mark Marrington ; Antonio Carlos jobim : the author as producer / Marcio Pinho, Rodrigo Vicente ; Quarantine zone : vaporwave and the dissection of record production / Josh Ottum ; Classical production : situating historically-informed performances in small rooms / Bob Toft -- Music production and technology. Politics of digitizing analog / Pat O'Grady ; Producing music for immersive audio experiences / Rob Lawrence ; Producing 3-D audio / Justin Paterson ; Production moves in a laptop studio : thinking through the creative workflows and possibility spaces of Ableton Live / Thomas Brett ; Real time, remote, collaborative recording sessions : music production without boundaries / Paul Ferguson, Zack Moir -- Concepts of production. Re-thinking the audio-object in the context of DAW-based electronic music production practice / Stace Constantinou ; The use of non-linear sonic signatures in music production / Austin Moore ; Russ HS interview with Brakespear/round-table ; Towards a typology of collaborative practice in music production / Robert Wilsmore ; Narrative and the art of record production / Alex Harden -- The context of production. Music production pedagogy and its relationship with industry / Alex Baxter ; Conversations with women in music production / Kallie Buccola. 
588 |a Description based on print version record and CIP data provided by publisher; resource not viewed. 
545 0 |a Russ Hepworth-Sawyerstarted life asa sound engineer and occassional producer.He hasover two decades' experience of all things audio.Russ is a member of the Audio Engineering Society and co-founder of the UK Mastering Section there. A former board member of the Music Producers Guild, Russ helped form their Mastering Group. Through MOTTOsound (www.mottosound.co.uk), Russ now works freelance in the industry as a mastering engineer, writer, and consultant. Russ currently lectures part-time for York St John University and has taught extensively in higher education at institutions including Leeds College of Music, London College of Music, and Rose Bruford College. He contributes from time to time in magazines such as MusicTech, Pro Sound News Europe, and Sound on Sound. He has also written many titles for Focal Press and Routledge. Russ is the co-founder of the Innovation in Music conference series (www.musicinnovation.co.uk) and also of the Perspectives on Music Production series of academic books. Jay Hodgson is on faculty at Western University, where he primarily teaches courses on songwriting and project paradigm record production. He is also one of two mastering engineers at MOTTOsound, a boutique audio services house situated in England. In the last few years, Dr. Hodgson's masters have twice been nominated for Juno Awards and topped Beatport's global techno and house charts, and he has contributed music to films recognized by the likes of Rolling Stone magazine and which screened at the United Nations General Assembly. He was awared a Governor General's academic medal in 2006, primarily in recognition of his research on audio recording, and his second book, Understanding Records (2010), was recently acquired by the Reading Room of the Rock and Roll Hall of Fame. He has other books published and forthcoming from Oxford University Press, Bloomsbury, Continuum, Wilfrid Laurier University Press, Focal Press, and Routledge. Mark Marrington trained in composition and musicology at the University of Leeds (MMus, PhD) and is currently a senior lecturer in music production at York St John University. He has previously held teaching positions at Leeds College of Music and the University of Leeds (School of Electronic and Electrical Engineering). Mark has published chapters with Cambridge University Press, Bloomsbury Academic, Routledge, and Future Technology Press and has contributed articles to British Music, Soundboard, the Musical Times, and the Journal on the Art of Record Production. Since 2010, his research has been focused on a range of music production topics with a particular emphasis on the role of digital technologies in music creation and production. Other interests include songwriting, music technology pedagogy, the contemporary classical guitar, and British classical music in the 20th century. His most recent research has been concerned with the aesthetics of classical music recording and a forthcoming monograph on the role of recordings in shaping the identity of the classical guitar in the20th century. 
500 |a Electronic resource. 
650 0 |a Sound recordings  |x Production and direction.  |0 http://id.loc.gov/authorities/subjects/sh88003431 
650 0 |a Popular music  |x Production and direction. 
655 7 |a Electronic books.  |2 local 
700 1 |a Hepworth-Sawyer, Russ,  |e editor.  |0 http://id.loc.gov/authorities/names/n2008046767 
700 1 |a Hodgson, Jay,  |e editor.  |0 http://id.loc.gov/authorities/names/no2009071930 
700 1 |a Marrington, Mark,  |e editor.  |0 http://id.loc.gov/authorities/names/no2001054003 
710 2 |a ProQuest (Firm)  |0 http://id.loc.gov/authorities/names/n2007068018 
776 1 8 |i Print version:  |t Producing music  |d New York, NY : Routledge, 2019  |z 9780415789219  |w (DLC) 2018050743 
856 4 0 |u https://ebookcentral.proquest.com/lib/tamucs/detail.action?docID=5742405  |z Connect to the full text of this electronic book  |t 0 
955 |a YBP purchased DDA e-records 
980 |b 165.00  |g 1 
987 |a ybp16142739 
999 f f |s 4d41cdb4-dca9-4799-a8d3-d64903c0ce98  |i 5c3e8618-102e-31d4-a4ad-023ede0c4534  |t 0 
952 f f |a Texas A&M University  |b College Station  |c Electronic Resources  |d Available Online  |t 0  |e ML3790 .P757 2019  |h Library of Congress classification 
998 f f |a ML3790 .P757 2019  |t 0  |l Available Online